|
|
|
|
| LEADER |
01613nam a2200457Ia 4500 |
| 001 |
EBC862410 |
| 003 |
MiAaPQ |
| 005 |
20200520144314.0 |
| 006 |
m o d | |
| 007 |
cr cn||||||||| |
| 008 |
110616s2012 nyua sb 001 0 eng d |
| 010 |
|
|
|z 2011025693
|
| 020 |
|
|
|z 1107018099 (hardback)
|
| 020 |
|
|
|z 110763895X (paperback)
|
| 020 |
|
|
|z 9781107018099 (hardback)
|
| 020 |
|
|
|z 9781107638952 (paperback)
|
| 020 |
|
|
|z 9781139230919
|
| 035 |
|
|
|a (MiAaPQ)EBC862410
|
| 035 |
|
|
|a (Au-PeEL)EBL862410
|
| 035 |
|
|
|a (CaPaEBR)ebr10574288
|
| 035 |
|
|
|a (CaONFJC)MIL372039
|
| 035 |
|
|
|a (OCoLC)801405364
|
| 040 |
|
|
|a MiAaPQ
|c MiAaPQ
|d MiAaPQ
|
| 050 |
|
4 |
|a HC103
|b .W52 2012
|
| 082 |
0 |
4 |
|a 330.973
|2 23
|
| 100 |
1 |
|
|a Wilensky, Harold L.
|
| 245 |
1 |
0 |
|a American political economy in global perspective
|h [electronic resource] /
|c Harold L. Wilensky.
|
| 260 |
|
|
|a New York :
|b Cambridge University Press,
|c 2012.
|
| 300 |
|
|
|a xxiv, 360 p. :
|b ill.
|
| 504 |
|
|
|a Includes bibliographical references and index.
|
| 533 |
|
|
|a Electronic reproduction. Ann Arbor, MI : ProQuest, 2015. Available via World Wide Web. Access may be limited to ProQuest affiliated libraries.
|
| 650 |
|
0 |
|a Economic policy.
|
| 650 |
|
0 |
|a Comparative government.
|
| 650 |
|
0 |
|a Political sociology.
|
| 650 |
|
0 |
|a Welfare state.
|
| 650 |
|
0 |
|a Globalization.
|
| 651 |
|
0 |
|a United States
|x Economic policy.
|
| 651 |
|
0 |
|a United States
|x Economic conditions.
|
| 655 |
|
4 |
|a Electronic books.
|
| 710 |
2 |
|
|a ProQuest (Firm)
|
| 856 |
4 |
0 |
|u https://ebookcentral.proquest.com/lib/matrademy/detail.action?docID=862410
|z Click to View
|